A return to a simpler time (Record no. 82605)

MARC details
000 -LEADER
fixed length control field 00745cab a22001935a 4500
001 - CONTROL NUMBER
control field L150672
008 - FIXED-LENGTH DATA ELEMENTS--GENERAL INFORMATION
fixed length control field 100816e20100813xxko f 000 0 eng d
035 ## - SYSTEM CONTROL NUMBER
System control number (Sirsi) u150672
041 0# - LANGUAGE CODE
Language code of text/sound track or separate title eng
100 1# - MAIN ENTRY--PERSONAL NAME
Personal name Barnes, Rachel
245 02 - TITLE STATEMENT
Title A return to a simpler time
Remainder of title the RIBA's latest conditions of appointment aren't perfect, but they've swept away many of the onerous obligations in the 2007 edition
260 ## - PUBLICATION, DISTRIBUTION, ETC.
Date of publication, distribution, etc. 2010
490 #0 - SERIES STATEMENT
Series statement Building
Volume/sequential designation 275 (8642) 13 August 2010, 52(1)
520 ## - SUMMARY, ETC.
Summary, etc. Compares the RIBA standard conditions of appointment 2007 and 2010 and observes that the 2010 set is a major improvement.
590 ## - LOCAL NOTE (RLIN)
Local note KA
651 #4 - SUBJECT ADDED ENTRY--GEOGRAPHIC NAME
Geographic name England and Wales
Chronological subdivision 1543-
690 ## - LOCAL SUBJECT ADDED ENTRY--TOPICAL TERM (OCLC, RLIN)
Topical term or geographic name as entry element BUILT ENVIRONMENT-BUILDING CONTRACT FORMS
942 ## - ADDED ENTRY ELEMENTS (KOHA)
Suppress in OPAC 0
Holdings
Withdrawn status Lost status Source of classification or shelving scheme Damaged status Not for loan Home library Current library Shelving location Date acquired Total Checkouts Full call number Barcode Date last seen Copy number Price effective from Koha item type
    Dewey Decimal Classification     London London Journal article 16/08/2010   L150672 150672-1001 06/08/2019 1 06/08/2019 Journal article